000 00269nam a2200097Ia 4500
001 690043
005 20250826161808.0
008 250824s9999 xx 000 0 und d
245 0 _aTHOMAS KUHN VE BİLİM SAVAŞLARI/Z.SERDAR/EVEREST
_cZİYAUDDİN SERDAR
260 _bEVEREST
999 _c690043
_d690043